Statistics for World's 50 Best Cities To Live In

Click here to take the quiz!

General Stats

  • This quiz has been taken 1,060 times
  • The average score is 34 of 50

Answer Stats

Answer% Correct
39=London
94%
44=New York City
94%
37Paris
94%
13Berlin
89%
20Stockholm
89%
44=Tokyo
89%
31Oslo
88%
10Sydney
87%
49=Los Angeles
86%
11Amsterdam
85%
9Copenhagen
85%
30Helsinki
84%
16Melbourne
83%
1Vienna
83%
15Toronto
82%
39=Barcelona
81%
41Milan
80%
4Munich
80%
28San Francisco
79%
2Zurich
79%
33Dublin
78%
5Vancouver
78%
21Brussels
77%
43Chicago
76%
22Perth
74%
26Singapore
74%
14Bern
73%
34Boston
72%
23Montreal
72%
12Wellington
72%
3Auckland
71%
42Lisbon
71%
46=Seattle
71%
18Hamburg
70%
7Frankfurt
69%
8Geneva
65%
36Brisbane
64%
27Adelaide
57%
38Lyon
56%
17Ottawa
56%
46=Edinburgh
52%
32Calgary
48%
29Canberra
48%
6Dusseldorf
44%
19Luxembourg
44%
24Stuttgart
40%
35Honolulu
28%
25Nurnberg
16%
46=Kobe
11%
49=Yokohama
7%

Score Distribution

Percentile by Number Answered

Percent of People with Each Score

Your Score History

You have not taken this quiz